000 01335cam a2200409 a 4500
001 16190562
003 OSt
005 20220831105741.0
008 100416s2010 enk 000 1 eng
010 _a 2010277899
015 _aGBB022507
_2bnb
016 7 _a015484193
_2Uk
020 _a9781844676118 (hbk.)
020 _a1844676110 (hbk.)
020 _a9781844676545 (pbk.)
035 _a(OCoLC)ocn464579914
040 _aUKM
_cUKM
_dBTCTA
_dYDXCP
_dC#P
_dDLC
042 _alccopycat
050 0 0 _aPR6051.L44
_bN54 2010
082 0 4 _a823
_222
100 1 _aAli, Tariq.
_911601
245 1 0 _aNight of the golden butterfly /
_cTariq Ali.
260 _aLondon ;
_aNew York :
_bVerso,
_c2010.
300 _a275 p. ;
_c22 cm.
490 1 _aIslam quintet ;
_v5
650 0 _aIslamic civilization
_vFiction.
_998718
650 0 _aCivilization, Modern
_y21st century
_vFiction.
_998719
650 0 _aPainters
_zPakistan
_vFiction.
_998720
650 0 _aBiography
_xAuthorship
_vFiction.
_998721
650 0 _aFirst loves
_vFiction.
_998722
650 0 _aFamilies
_vFiction.
_995394
655 0 _aHistorical fiction.
800 1 _aAli, Tariq.
_tIslam quintet ;
_v5.
_998723
906 _a7
_bcbc
_ccopycat
_d2
_encip
_f20
_gy-gencatlg
942 _2ddc
_cBK
999 _c33045
_d33045